LEADER 02823nam 2200637Ia 450 001 9910450254703321 005 20200520144314.0 010 $a1-280-51489-2 010 $a9786610514892 010 $a1-84544-345-4 035 $a(CKB)1000000000007910 035 $a(EBL)289895 035 $a(OCoLC)70742645 035 $a(SSID)ssj0000475080 035 $a(PQKBManifestationID)11331705 035 $a(PQKBTitleCode)TC0000475080 035 $a(PQKBWorkID)10455129 035 $a(PQKB)11292154 035 $a(MiAaPQ)EBC289895 035 $a(Au-PeEL)EBL289895 035 $a(CaPaEBR)ebr10064577 035 $a(CaONFJC)MIL51489 035 $a(EXLCZ)991000000000007910 100 $a20041014d2004 my 0 101 0 $aeng 135 $aur|n|---||||| 181 $ctxt 182 $cc 183 $acr 200 00$aTheological perspectives on accounting$b[electronic resource] /$fguest editors, Ken McPhail, Tim Garringe and Rob Gray 210 $a[Bradford, England] $cEmerald Group Pub.$d2004 215 $a1 online resource (186 p.) 225 1 $aAccounting, auditing & accountability ;$vv. 17, no. 3, 2004 300 $aDescription based upon print version of record. 311 $a0-86176-989-9 320 $aIncludes bibliography. 327 $aCONTENTS; EDITORIAL ADVISORY BOARD; Abstracts and keywords; Dedication; Accounting and theology, an introduction; Accounting, love and justice; Accounting and accountability in the Iona Community; Accounting and liberation theology; God's fund managers; The Enlightenment and its discontents; Sacred vestiges in financial reporting 330 $aThis paper explores the issue of accounting and accountability in the spirituality and practices of an ecumenical Christian group - the Iona Community. Fundamental to the existence and operation of the Iona Community is their Rule, which requires all full-members to account to each other for their use of money and time. This paper explores the development of that Rule and how it is actualised. It examines the accounting practices of individuals in the Community and the distinction between individualising and socialising accountabilities. Findings reported challenge the assumption that accounti 410 0$aAccounting, auditing & accountability journal ;$vv. 17, no. 3. 606 $aBusiness ethics 606 $aAccounting 608 $aElectronic books. 615 0$aBusiness ethics. 615 0$aAccounting. 676 $a658.4 676 $a658.408 701 $aMcPhail$b Ken$0514419 701 $aGarringe$b Tim$0929594 701 $aGray$b Rob$0116607 801 0$bMiAaPQ 801 1$bMiAaPQ 801 2$bMiAaPQ 906 $aBOOK 912 $a9910450254703321 996 $aTheological perspectives on accounting$92089558 997 $aUNINA LEADER 01131nam a2200289 i 4500 001 991002108909707536 005 20020503161215.0 008 000505s1959 it ||| | ita 035 $ab10317764-39ule_inst 035 $aEXGIL97588$9ExL 040 $aBiblioteca Interfacoltà$bita 082 0 $a124 110 2 $aFondazione Giorgio Cini :$bCentro di cultura e civiltà$0198523 245 10$aCausalità e finalità :$batti del Convegno Il valore del fine nel mondo /$ca cura di Marino Gentile 260 $aFirenze :$bSansoni,$c1959 300 $aVIII, 252, [12] p. ;$c25 cm 490 0 $aQuaderni di San Giorgio 500 $aA cura del Centro di cultura e civiltà della Fondazione Giorgio Cini, Venezia 650 4$aTeleologia$xCongressi$y1956 700 1 $aGentile, Marino 907 $a.b10317764$b17-02-17$c27-06-02 912 $a991002108909707536 945 $aLE002 124 CAU 945 $aLE002 Fil. II L 19$g1$i2002000287540$lle002$o-$pE0.00$q-$rl$s- $t0$u0$v0$w0$x0$y.i10374802$z27-06-02 996 $aCausalità e finalità$9200805 997 $aUNISALENTO 998 $ale002$b01-01-00$cm$da $e-$fita$git $h0$i1 LEADER 01156nam a22002651i 4500 001 991000179279707536 005 20030226130559.0 008 020919s1987 it |||||||||||||||||ita 020 $a8822235002 035 $ab11970443-39ule_inst 035 $aARCHE-006024$9ExL 040 $aDip.to Filologia Ling. e Lett.$bita$cA.t.i. Arché s.c.r.l. Pandora Sicilia s.r.l. 082 04$a949.506 245 00$aIndipendenza e unità nazionale in Italia ed in Grecia :$bconvegno di studio : Atene, 2-7 ottobre 1985 260 $aFirenze :$bL. S. Olschki,$c1987 300 $aXI, 235 p. ;$c24 cm 490 0$aBiblioteca storica toscana.$pSezione di storia del Risorgimento ;$v10 650 4$aGrecia$xStoria$ySec. 19.$aCongressi$y1985 651 4$aItalia e Grecia$xRelazioni culturali$ySec. 19.$aCongressi$y1985 907 $a.b11970443$b28-04-17$c01-04-03 912 $a991000179279707536 945 $aLE008 FL.M. Neogr. 977$g1$i2008000530600$lle008$o-$pE0.00$q-$rl$s- $t0$u2$v0$w2$x0$y.i12249737$z01-04-03 996 $aIndipendenza e unità nazionale in Italia ed in Grecia$9136611 997 $aUNISALENTO 998 $ale008$b01-04-03$cm$da $e-$fita$git $h0$i1